[Event "GER-ch Rapid (Women)"]
[Site "Dinkelsbuehl"]
[Date "2023.11.11"]
[Round "1"]
[White "Kosovska, Olena"]
[Black "Dolzhikova, Kateryna"]
[Result "0-1"]
[WhiteElo "1862"]
[BlackElo "2104"]
[PlyCount "92"]
[EventDate "2023.11.11"]
[EventType "swiss (rapid)"]
[EventRounds "9"]
[EventCountry "GER"]
[SourceTitle "CB47_2023"]
[SourceDate "2023.11.22"]
[SourceVersion "1"]
[SourceVersionDate "2023.11.22"]
[SourceQuality "1"]

1. c4 b6 2. Nc3 Bb7 3. d4 e6 4. e4 Bb4 5. Bd3 f5 6. Qh5+ g6 7. Qe2 fxe4 8. Bxe4 Nc6 9. d5 Nd4 10. Qd3 Qf6 11. Be3 e5 12. Bxd4 exd4 13. Nge2 dxc3 14. bxc3 Bd6 15. 0-0 0-0-0 16. a4 Re8 17. Bf3 a5 18. Nd4 Nh6 19. Nb5 Bc5 20. Nd4 Nf5 21. Nb3 Qd6 22. Nxc5 Qxc5 23. Rab1 Nd6 24. Be2 Ba6 25. Qf3 Bxc4 26. Bxc4 Qxc4 27. Ra1 Qe4 28. Qd1 Rhf8 29. Qd2 Qf4 30. Qd3 Qc4 31. Qh3 h5 32. Qg3 h4 33. Qxg6 Qxd5 34. Rad1 Qc6 35. Qh5 Rg8 36. f3 Re2 37. Rf2 Rxf2 38. Kxf2 Qxa4 39. Qd5 Ne4+ 40. fxe4 Rf8+ 41. Kg1 Kb8 42. Qxd7 Qxe4 43. Qd4 Qe7 44. g3 h3 45. Qd2 Qc5+ 46. Qd4 Rd8 0-1

[Event "GER-ch Rapid (Women)"]
[Site "Goettingen"]
[Date "2022.09.24"]
[Round "1"]
[White "Frey, Alisa"]
[Black "Kosovska, Olena"]
[Result "1/2-1/2"]
[WhiteElo "2003"]
[BlackElo "1831"]
[PlyCount "108"]
[EventDate "2022.09.24"]
[EventType "swiss (rapid)"]
[EventRounds "9"]
[EventCountry "GER"]
[SourceTitle "CBM 210 Extra"]
[Source "ChessBase"]
[SourceDate "2022.11.30"]
[SourceVersion "1"]
[SourceVersionDate "2022.11.30"]
[SourceQuality "1"]

1. e4 c5 2. Nf3 Nc6 3. d4 cxd4 4. Nxd4 e5 5. Nb5 d6 6. N1c3 a6 7. Na3 b5 8. Nd5 Nf6 9. Bg5 Be7 10. Bxf6 Bxf6 11. c3 0-0 12. Nc2 Bg5 13. a4 bxa4 14. Rxa4 a5 15. Bc4 Rb8 16. Ra2 Be6 17. 0-0 Kh8 18. b3 f5 19. f3 Qd7 20. Qe2 Qa7+ 21. Kh1 Qf7 22. Raa1 h6 23. Nce3 fxe4 24. fxe4 Qg6 25. Qd3 Qh5 26. Nf5 Rfd8 27. Rf3 Bg8 28. Raf1 Qe8 29. Rg3 Bh7 30. Qf3 Rb7 31. Qg4 Ra7 32. h4 Bf4 33. Nxf4 exf4 34. Qxf4 Ne5 35. Bd5 Qh5 36. Nxd6 Ng6 37. Nf7+ Rxf7 38. Qxf7 Qxh4+ 39. Rh3 Qg5 40. Qf3 Qe5 41. Rh5 Qc7 42. Rf5 Qe7 43. Rf7 Qd6 44. c4 Bg8 45. Rf5 Nh4 46. Qh5 Nxf5 47. exf5 Bxd5 48. cxd5 Qxd5 49. Qg6 Qd4 50. f6 Qh4+ 51. Kg1 Qd4+ 52. Kh1 Qh4+ 53. Kg1 Qd4+ 54. Kh1 Qh4+ 1/2-1/2

[Event "GER-ch blitz (Women)"]
[Site "Magdeburg"]
[Date "2022.08.13"]
[Round "12"]
[White "Kosovska, Olena"]
[Black "Leveikina, Jevgenija"]
[Result "1/2-1/2"]
[WhiteElo "1865"]
[BlackElo "2032"]
[PlyCount "84"]
[EventDate "2022.08.13"]
[EventType "tourn (blitz)"]
[EventRounds "23"]
[EventCountry "GER"]
[SourceTitle "CBM 209 Extra"]
[Source "ChessBase"]
[SourceDate "2022.09.30"]
[SourceVersion "1"]
[SourceVersionDate "2022.09.30"]
[SourceQuality "1"]

1. e4 c6 2. d4 d5 3. e5 Bf5 4. Nc3 Qb6 5. h4 h5 6. Nge2 e6 7. Ng3 Bg6 8. Be2 c5 9. dxc5 Bxc5 10. 0-0 Be7 11. Bxh5 Bxh4 12. Bxg6 Bxg3 13. Bxf7+ Kf8 14. Qf3 Bh2+ 15. Kh1 Bxe5+ 16. Bh5+ Nf6 17. g4 Kg8 18. Kg2 Nbd7 19. Na4 Qd4 20. Nc3 Rf8 21. Be3 Qb4 22. Qe2 d4 23. a3 Qd6 24. Nb5 Qd5+ 25. f3 dxe3 26. Rad1 Qc6 27. Nd4 Bxd4 28. Rxd4 Ne5 29. Qxe3 Qc7 30. Re1 Nxh5 31. gxh5 Rxh5 32. Re4 Rhf5 33. Rxe5 Qf7 34. Rxf5 Qxf5 35. Qe4 Qg5+ 36. Kf2 Rf6 37. Rg1 Qc5+ 38. Qe3 Qxc2+ 39. Qe2 Qc5+ 40. Qe3 Qc2+ 41. Qe2 Qc5+ 42. Qe3 Qc2+ 1/2-1/2

[Event "GER-ch blitz (Women)"]
[Site "Magdeburg"]
[Date "2022.08.13"]
[Round "11"]
[White "Kosovska, Olena"]
[Black "Paehtz, Elisabeth"]
[Result "0-1"]
[WhiteElo "1865"]
[BlackElo "2390"]
[PlyCount "52"]
[EventDate "2022.08.13"]
[EventType "tourn (blitz)"]
[EventRounds "23"]
[EventCountry "GER"]
[SourceTitle "CBM 209 Extra"]
[Source "ChessBase"]
[SourceDate "2022.09.30"]
[SourceVersion "1"]
[SourceVersionDate "2022.09.30"]
[SourceQuality "1"]

1. c4 b6 2. Nc3 Bb7 3. d4 e6 4. e3 Bb4 5. Nf3 f5 6. Be2 Nf6 7. 0-0 Bxc3 8. bxc3 0-0 9. Ba3 d6 10. Rb1 Ne4 11. Qc2 Nd7 12. Nd2 Qg5 13. Bf3 Nxd2 14. Bxb7 Nxf1 15. Bxa8 Nxe3 16. fxe3 Qxe3+ 17. Kh1 Rxa8 18. Rf1 Nf6 19. Bc1 Qe4 20. Qf2 Re8 21. h3 Qc6 22. Qe2 Ne4 23. Qd3 Qa4 24. a3 Qb3 25. Rf3 Rf8 26. Re3 Nf2+ 0-1

[Event "GER-chT Federal Cup (Women)"]
[Site "Braunfels"]
[Date "2022.06.18"]
[Round "4.15"]
[White "Kosovska, Olena"]
[Black "Noppes, Marina"]
[Result "1/2-1/2"]
[WhiteElo "1827"]
[BlackElo "1922"]
[PlyCount "102"]
[EventDate "2022.06.15"]
[EventType "team-swiss"]
[EventRounds "5"]
[EventCountry "GER"]
[SourceTitle "EXT 2023"]
[Source "ChessBase"]
[SourceDate "2022.10.05"]
[SourceVersion "1"]
[SourceVersionDate "2022.10.05"]
[SourceQuality "1"]

1. e4 c5 2. Nc3 Nc6 3. f4 g6 4. Bb5 Nd4 5. Nf3 Nxb5 6. Nxb5 d5 7. e5 d4 8. d3 Qa5+ 9. Nc3 dxc3 10. bxc3 Bg4 11. Bd2 c4 12. 0-0 e6 13. h3 Bxf3 14. Qxf3 Qd5 15. Qe2 Rd8 16. d4 Ne7 17. Rab1 Nf5 18. Kh2 h5 19. a4 a6 20. Rb6 h4 21. Rfb1 Ng3 22. Qg4 Rd7 23. Be1 Nf5 24. Bf2 Be7 25. Rg1 Qa5 26. Rxe6 Nh6 27. Rxe7+ Rxe7 28. Qc8+ Qd8 29. Qxd8+ Kxd8 30. Bxh4 f6 31. g4 Ng8 32. Bf2 g5 33. exf6 Nxf6 34. fxg5 Re2 35. gxf6 Rxf2+ 36. Kg3 Rxf6 37. g5 Re6 38. h4 Re4 39. Rh1 Ke7 40. h5 Kf7 41. Kf3 Re6 42. Kg4 Re2 43. Rf1+ Kg8 44. h6 Rxc2 45. Rf3 Rd2 46. Kh5 Rd3 47. Rf5 Rxc3 48. Kg6 Re3 49. Rc5 Re6+ 50. Kh5 Rc6 51. Rd5 Rc8 1/2-1/2

[Event "GER-ch Blitz (Women)"]
[Site "Magdeburg"]
[Date "2021.08.01"]
[Round "18"]
[White "Kosovska, Olena"]
[Black "Zimmer, Elke"]
[Result "1-0"]
[WhiteElo "1881"]
[BlackElo "1910"]
[PlyCount "53"]
[EventDate "2021.08.01"]
[EventType "tourn (blitz)"]
[EventRounds "21"]
[EventCountry "GER"]
[SourceTitle "CBM 203 Extra"]
[Source "ChessBase"]
[SourceDate "2021.09.30"]
[SourceVersion "1"]
[SourceVersionDate "2021.09.30"]
[SourceQuality "1"]

1. e4 c6 2. d4 d5 3. e5 Bf5 4. Nc3 h6 5. Be3 e6 6. Bd3 Bxd3 7. Qxd3 Nd7 8. f4 Ne7 9. Nf3 Nf5 10. Bf2 c5 11. g4 c4 12. Qe2 Ne7 13. Bh4 Qb6 14. 0-0-0 a5 15. f5 a4 16. a3 g5 17. fxe6 fxe6 18. Be1 Ng6 19. Bd2 Be7 20. Rdf1 Rf8 21. Be1 Nf4 22. Qd2 Qa5 23. h4 Ra6 24. Bg3 Rb6 25. Bxf4 gxf4 26. g5 hxg5 27. hxg5 1-0

[Event "GER-ch rapid (Women) 46th"]
[Site "Plochingen"]
[Date "2020.09.20"]
[Round "6"]
[White "Kosovska, Olena"]
[Black "Birkholz, Olga"]
[Result "0-1"]
[WhiteElo "1881"]
[BlackElo "2018"]
[PlyCount "74"]
[EventDate "2020.09.19"]
[EventType "swiss (rapid)"]
[EventRounds "9"]
[EventCountry "GER"]
[SourceTitle "CBM 198 Extra"]
[Source "ChessBase"]
[SourceDate "2020.11.30"]
[SourceVersion "1"]
[SourceVersionDate "2020.11.30"]
[SourceQuality "1"]

1. e4 b6 2. d4 Bb7 3. Nc3 e6 4. Bd3 g6 5. Nge2 Bg7 6. 0-0 Ne7 7. f4 0-0 8. f5 exf5 9. exf5 Nxf5 10. Bxf5 gxf5 11. Rxf5 Qh4 12. Nb5 Qe4 13. Rg5 h6 14. Rg3 Qc6 15. Nbc3 Kh8 16. d5 Qc4 17. Be3 Na6 18. Qd2 Rg8 19. Bxh6 Bxc3 20. Rxc3 Qxd5 21. Ng3 Qxd2 22. Bxd2 Rae8 23. Rf1 Re2 24. Rf2 Rxf2 25. Kxf2 c5 26. Re3 Bd5 27. Re5 Be6 28. a3 Rg4 29. Ne4 Rg6 30. Rh5+ Kg8 31. Bc3 Kf8 32. Be5 d5 33. Nf6 Ke7 34. Nh7 c4 35. Bd4 Nc5 36. Ng5 Rxg5 37. Rxg5 Ne4+ 0-1

[Event "GER-ch Blitz (Women)"]
[Site "Magdeburg"]
[Date "2020.08.15"]
[Round "2"]
[White "Kosovska, Olena"]
[Black "Frey, Alisa"]
[Result "1-0"]
[WhiteElo "1881"]
[BlackElo "2087"]
[PlyCount "51"]
[EventDate "2020.07.28"]
[EventType "tourn (blitz)"]
[EventRounds "29"]
[EventCountry "GER"]
[SourceTitle "EXT 2021"]
[Source "ChessBase"]
[SourceDate "2020.10.23"]
[SourceVersion "1"]
[SourceVersionDate "2020.10.23"]
[SourceQuality "1"]

1. e4 e5 2. Nf3 Nc6 3. Bb5 a6 4. Ba4 Nf6 5. 0-0 Be7 6. Re1 b5 7. Bb3 0-0 8. c3 d5 9. exd5 Nxd5 10. h3 Bf6 11. d3 Na5 12. Nxe5 c5 13. Ng4 Nxb3 14. axb3 Bb7 15. Nxf6+ Qxf6 16. Nd2 Nf4 17. Ne4 Bxe4 18. Rxe4 Ne6 19. Qg4 Rfd8 20. Qg3 Rd7 21. Bf4 Nxf4 22. Rxf4 Qe6 23. Qf3 Rad8 24. d4 cxd4 25. cxd4 Rxd4 26. Rxd4 1-0

[Event "GER-ch Blitz (Women)"]
[Site "Magdeburg"]
[Date "2020.08.15"]
[Round "9"]
[White "Kosovska, Olena"]
[Black "Skibbe, Diana"]
[Result "1-0"]
[WhiteElo "1881"]
[BlackElo "1991"]
[PlyCount "56"]
[EventDate "2020.07.28"]
[EventType "tourn (blitz)"]
[EventRounds "29"]
[EventCountry "GER"]
[SourceTitle "EXT 2021"]
[Source "ChessBase"]
[SourceDate "2020.10.23"]
[SourceVersion "1"]
[SourceVersionDate "2020.10.23"]
[SourceQuality "1"]

1. e4 e5 2. Nf3 Nf6 3. Nc3 d6 4. h3 Be7 5. Bc4 Nbd7 6. 0-0 c6 7. d3 0-0 8. Nh2 Re8 9. f4 exf4 10. Bxf4 Ne5 11. Bb3 Ng6 12. Bg5 h6 13. Bd2 d5 14. Kh1 Be6 15. Nf3 Qd7 16. Qe2 Nh5 17. Be1 Ngf4 18. Qd2 Rad8 19. exd5 cxd5 20. Ba4 Qc8 21. Bxe8 Rxe8 22. Nh2 Bg5 23. Qd1 Qc6 24. Ng4 f5 25. Ne5 Qc7 26. Nf3 Bf6 27. Bf2 Kh7 28. Nb5 Qd7 1-0

[Event "GER-ch Blitz (Women)"]
[Site "Magdeburg"]
[Date "2020.08.15"]
[Round "10"]
[White "Scognamiglio, Stefanie"]
[Black "Kosovska, Olena"]
[Result "1-0"]
[WhiteElo "2097"]
[BlackElo "1881"]
[PlyCount "82"]
[EventDate "2020.07.28"]
[EventType "tourn (blitz)"]
[EventRounds "29"]
[EventCountry "GER"]
[SourceTitle "EXT 2021"]
[Source "ChessBase"]
[SourceDate "2020.10.23"]
[SourceVersion "1"]
[SourceVersionDate "2020.10.23"]
[SourceQuality "1"]

1. e4 e5 2. Nf3 Nc6 3. Bc4 Nf6 4. c3 Be7 5. d3 0-0 6. 0-0 d6 7. h3 Be6 8. Nbd2 Na5 9. Bb5 a6 10. Ba4 b5 11. Bc2 c5 12. b4 Nc6 13. a3 Rc8 14. Bb2 h6 15. d4 cxd4 16. cxd4 exd4 17. Nxd4 Ne5 18. Nxe6 fxe6 19. Bb3 Nc4 20. Nxc4 bxc4 21. Ba2 Nxe4 22. Qd4 Nf6 23. Bxc4 d5 24. Bxa6 Rc2 25. Rab1 Qd6 26. Bd3 Rcc8 27. Qe5 Qb6 28. Bd4 Qc6 29. b5 Qd7 30. a4 Bd6 31. Qe2 Bb8 32. Be5 Rfe8 33. a5 Ne4 34. Bxb8 Rxb8 35. Bxe4 dxe4 36. b6 Qd5 37. a6 Qc6 38. b7 Re7 39. Rfc1 Qa4 40. Ra1 Qb5 41. Rc8+ Rxc8 1-0

[Event "GER Cup Net Final-B U2000"]
[Site "Playchess.com INT"]
[Date "2020.06.06"]
[Round "8"]
[White "Kosovska, Olena"]
[Black "Bashylina, Luisa"]
[Result "1-0"]
[WhiteElo "1812"]
[BlackElo "1947"]
[PlyCount "171"]
[EventDate "2020.06.06"]
[EventType "swiss (blitz)"]
[EventRounds "13"]
[EventCountry "GER"]
[SourceTitle "CBM 197 Extra"]
[Source "ChessBase"]
[SourceDate "2020.09.30"]
[SourceVersion "1"]
[SourceVersionDate "2020.09.30"]
[SourceQuality "1"]

1. e4 c5 2. Nc3 e6 3. f4 d6 4. Nf3 Nc6 5. Bb5 Bd7 6. 0-0 g6 7. Qe1 Bg7 8. f5 Nge7 9. fxe6 Bxe6 10. d3 0-0 11. Bg5 a6 12. Bxc6 bxc6 13. Qh4 f6 14. Bd2 d5 15. Rae1 Qd7 16. Na4 Qd6 17. Bf4 Qd8 18. Nxc5 Bc8 19. Qf2 g5 20. Bd2 Qd6 21. Nb3 g4 22. Nh4 f5 23. Bf4 Qd8 24. e5 Ng6 25. Nxg6 hxg6 26. d4 a5 27. c3 Ba6 28. e6 Qe7 29. Nc5 Bxf1 30. Qxf1 Rfe8 31. Qd3 Ra7 32. Qg3 Bf6 33. Bd6 Bh4 34. Qe3 Qxd6 35. g3 Bf6 36. Qh6 Bg7 37. Qxg6 Rae7 38. Qxf5 Kh8 39. Qh5+ Kg8 40. Qxg4 Rf8 41. Kg2 Ree8 42. Re5 Qe7 43. Nd3 Qf6 44. Nf4 Qe7 45. Rg5 Kh8 46. Qh5+ Kg8 47. Ng6 Qxe6 48. Nxf8 Rxf8 49. Rg4 Qe2+ 50. Kh3 Qf1+ 51. Kh4 Qf6+ 52. Kh3 Qf1+ 53. Kh4 Rf6 54. Qe8+ Kh7 55. Rg5 Rh6+ 56. Rh5 Qf6+ 57. Kg4 Qg6+ 58. Qxg6+ Kxg6 59. Rxh6+ Bxh6 60. b3 Bd2 61. c4 Bc3 62. cxd5 cxd5 63. Kf4 Bxd4 64. h4 Bf6 65. a3 d4 66. Ke4 Kh5 67. b4 axb4 68. axb4 Kg4 69. b5 Kxg3 70. h5 Kf2 71. Kd3 Kf3 72. h6 Kf4 73. h7 Kg5 74. b6 Kg6 75. b7 Kxh7 76. b8Q Kg6 77. Qg3+ Kf7 78. Qc7+ Ke6 79. Qc6+ Kf5 80. Qe4+ Kg5 81. Qf3 Kg6 82. Qg4+ Kf7 83. Qf5 Ke7 84. Ke4 Kf7 85. Kd5 Ke7 86. Qe6+ 1-0

[Event "GER Cup Net Final-B U2000"]
[Site "Playchess.com INT"]
[Date "2020.06.06"]
[Round "9"]
[White "Kosovska, Olena"]
[Black "Guder, Sibylle"]
[Result "1-0"]
[WhiteElo "1812"]
[BlackElo "1948"]
[PlyCount "69"]
[EventDate "2020.06.06"]
[EventType "swiss (blitz)"]
[EventRounds "13"]
[EventCountry "GER"]
[SourceTitle "CBM 197 Extra"]
[Source "ChessBase"]
[SourceDate "2020.09.30"]
[SourceVersion "1"]
[SourceVersionDate "2020.09.30"]
[SourceQuality "1"]

1. e4 c5 2. Nc3 d6 3. f4 g6 4. Nf3 Bg7 5. Bc4 e6 6. 0-0 Ne7 7. Qe1 0-0 8. d3 d5 9. Bb3 Nbc6 10. Qh4 f5 11. e5 a6 12. a3 b5 13. Qf2 d4 14. Ne2 Nd5 15. c4 bxc4 16. Bxc4 Na5 17. Ba2 Rb8 18. b4 cxb4 19. axb4 Nxb4 20. Nexd4 Nxd3 21. Qe3 Nc5 22. Ba3 Qb6 23. Rab1 Ncb3 24. Bd6 Rb7 25. Bxf8 Bxf8 26. Bxb3 Nxb3 27. Rxb3 Qxb3 28. Nxb3 Rc7 29. Nfd4 Bd7 30. h3 Bb4 31. Rc1 Rxc1+ 32. Nxc1 a5 33. Qb3 Kf7 34. Nd3 Bd2 35. Nc5 1-0